000 00268nam a2200097Ia 4500
001 997149
005 20250826221518.0
008 250824s9999 xx 000 0 und d
245 0 _aUZAY MACERALARI-GİZEMLİ ADA
_cNAZLI ASPAY SENER
260 _bGENÇ HAYAT ÇOCUK YAYINLARI
999 _c997149
_d997149